[Event "Reykjavik Open 2010"]
[Site "Reykjavik City Hall"]
[Date "2010.02.25"]
[Round "2.36"]
[White "Benediktsson, Frimann"]
[Black "Thorgeirsson, Sverrir"]
[Result "1/2-1/2"]
[WhiteElo "1930"]
[BlackElo "2176"]
[PlyCount "101"]
[EventDate "2010.02.24"]

1. Nf3 Nf6 2. d4 d5 3. c4 c6 4. cxd5 cxd5 5. Nc3 Nc6 6. Bf4 Ne4 7. e3 Nxc3 8.
bxc3 g6 9. Bd3 Bg7 10. O-O O-O 11. Qe2 Bg4 12. h3 Bxf3 13. Qxf3 e5 14. dxe5
Nxe5 15. Bxe5 Bxe5 16. Rac1 Qa5 17. c4 dxc4 18. Bxc4 Rab8 19. Qd5 Qxd5 20. Bxd5
Rfd8 21. Rfd1 Kf8 22. Kf1 Ke7 23. Ke2 b6 24. Bb3 Bd6 25. Bd5 Rdc8 26. Rxc8 Rxc8
27. Bb3 b5 28. Rd2 f6 29. Rc2 Rb8 30. a4 bxa4 31. Bxa4 Rb4 32. Ra2 Bc5 33. Bc2
Kd6 34. Ra6+ Bb6 35. Ra1 Kc5 36. Ra3 a5 37. Kd2 Bc7 38. Rc3+ Rc4 39. Ra3 Rb4
40. f4 Bb6 41. Rc3+ Kd6 42. Rb3 Rxb3 43. Bxb3 g5 44. fxg5 fxg5 45. e4 Ke5 46.
Bd5 h5 47. Bc6 Kf4 48. Ke2 h4 49. Kd3 Bc7 50. Kc4 Kg3 51. e5 1/2-1/2

[Event "Reykjavik Open 2010"]
[Site "Reykjavik City Hall"]
[Date "2010.02.25"]
[Round "2.37"]
[White "Bjarnason, Saevar"]
[Black "Gardarsson, Hordur"]
[Result "1-0"]
[WhiteElo "2164"]
[BlackElo "1888"]
[PlyCount "77"]
[EventDate "2010.02.24"]

1. e4 c6 2. d4 d5 3. exd5 cxd5 4. c4 Nf6 5. Nc3 Nc6 6. Bg5 e6 7. Nf3 Be7 8. c5
h6 9. Bh4 O-O 10. Bb5 Bd7 11. O-O Rc8 12. a3 Ne4 13. Bxe7 Qxe7 14. Qc2 Ng5 15.
Nxg5 Qxg5 16. Bxc6 Bxc6 17. f4 Qe7 18. b4 f6 19. Rae1 Be8 20. f5 e5 21. dxe5
fxe5 22. Nxd5 Qh4 23. Re4 Qd8 24. Rxe5 Kh8 25. f6 g5 26. Kh1 Rc6 27. Qc3 Kh7
28. b5 Rc8 29. Re7+ Rf7 30. Rxf7+ Bxf7 31. Ne7 Rc7 32. h3 Rd7 33. Qe5 Rd2 34.
c6 bxc6 35. bxc6 Qa8 36. Rb1 a5 37. Rb8 Rd1+ 38. Kh2 Qa7 39. Qe4+ 1-0

[Event "Reykjavik Open 2010"]
[Site "Reykjavik City Hall"]
[Date "2010.02.25"]
[Round "2.39"]
[White "Hjartarson, Bjarni"]
[Black "Leifsson, Thorsteinn"]
[Result "1-0"]
[WhiteElo "2162"]
[BlackElo "1821"]
[PlyCount "51"]
[EventDate "2010.02.24"]

1. e4 c6 2. d4 d5 3. e5 Bf5 4. Bd3 Bxd3 5. Qxd3 e6 6. f4 Nd7 7. Nf3 c5 8. c3
Qb6 9. O-O Nh6 10. a4 Be7 11. a5 Qc7 12. a6 b6 13. Na3 c4 14. Qe2 Qc8 15. Nc2
Nb8 16. Ne3 O-O 17. Ng5 g6 18. Rf3 Kg7 19. Rh3 Bxg5 20. fxg5 Nf5 21. Ng4 Rh8
22. Nf6 Nd7 23. g4 Ne7 24. Qf2 Qd8 25. Bd2 Qc7 26. Rxh7+ 1-0

[Event "Reykjavik Open 2010"]
[Site "Reykjavik City Hall"]
[Date "2010.02.25"]
[Round "2.40"]
[White "Fridthjofsdottir, Sigurl  Regin"]
[Black "Ocantos, Manuel"]
[Result "0-1"]
[WhiteElo "1809"]
[BlackElo "2158"]
[PlyCount "120"]
[EventDate "2010.02.24"]

1. e4 Nc6 2. d4 e5 3. Nf3 exd4 4. Nxd4 Bc5 5. c3 Qh4 6. Be3 Nxd4 7. cxd4 Bb4+
8. Nc3 Qxe4 9. Qb3 Bxc3+ 10. Qxc3 Nf6 11. f3 Qe7 12. Bc4 d5 13. Bb3 O-O 14. O-O
c6 15. Rfe1 Bf5 16. Bg5 Qd7 17. Bxf6 gxf6 18. Re3 Rfe8 19. Rae1 Kg7 20. Qd2 Re6
21. g4 Bg6 22. h4 Rxe3 23. Qxe3 h6 24. h5 Bh7 25. Bd1 Qc7 26. Kg2 Rd8 27. Bb3
Rd6 28. Qe7 Rd7 29. Qe3 b6 30. Kh3 Rd6 31. Qe7 Qxe7 32. Rxe7 a6 33. Kg3 c5 34.
dxc5 bxc5 35. Kf2 c4 36. Ba4 Rb6 37. b3 c3 38. Rc7 d4 39. Be8 Kf8 40. Rc8 Ke7
41. Ba4 Bb1 42. Re8+ Kd6 43. Rd8+ Ke5 44. Rc8 Bxa2 45. Rc5+ Ke6 46. Ke2 Bb1 47.
Kd1 Kd6 48. Rc8 Ke5 49. Ke2 Kf4 50. Rc4 Re6+ 51. Kf2 Ke5 52. b4 Bd3 53. Rc5+
Kd6 54. Bb3 Re2+ 55. Kg3 c2 56. Kf4 Bh7 57. Rc8 d3 58. Ba4 Re1 59. Rc6+ Ke7 60.
Rc7+ Kf8 0-1

[Event "Reykjavik Open 2010"]
[Site "Reykjavik City Hall"]
[Date "2010.02.25"]
[Round "2.45"]
[White "Johannsson, Orn Leo"]
[Black "Thorsteinsson, Erlingur"]
[Result "0-1"]
[WhiteElo "1710"]
[BlackElo "2123"]
[PlyCount "60"]
[EventDate "2010.02.24"]

1. e4 e5 2. Nf3 Nc6 3. Bc4 Be7 4. Nc3 Nf6 5. d3 d6 6. h3 O-O 7. Be3 Na5 8. Qe2
Nxc4 9. dxc4 b6 10. O-O-O Qe8 11. Bg5 Bb7 12. Bxf6 Bxf6 13. Nd5 Bd8 14. g4 a6
15. h4 b5 16. h5 c6 17. Ne3 Qe6 18. Nf5 d5 19. Rhe1 d4 20. b3 g6 21. Rg1 Kh8
22. Ng3 Ba5 23. Nd2 Qe7 24. Nb1 Bc3 25. Qf3 Qg5+ 26. Nd2 bxc4 27. Ne2 Bxd2+ 28.
Rxd2 c3 29. Nxc3 dxc3 30. Qxc3 Rad8 0-1

[Event "Reykjavik Open 2010"]
[Site "Reykjavik City Hall"]
[Date "2010.02.25"]
[Round "2.47"]
[White "Flaata, Alexander R"]
[Black "Brynjarsson, Eirikur Orn"]
[Result "1-0"]
[WhiteElo "2069"]
[BlackElo "1653"]
[PlyCount "39"]
[EventDate "2010.02.24"]

1. e4 e5 2. Nc3 Nc6 3. Bc4 Bc5 4. d3 d6 5. Na4 Nge7 6. Nxc5 dxc5 7. Be3 Qd6 8.
Ne2 f5 9. exf5 Bxf5 10. Ng3 Bg6 11. O-O O-O-O 12. Qg4+ Kb8 13. Ne4 Bxe4 14.
dxe4 Ng6 15. Rad1 Qf6 16. Bg5 Qf8 17. Bxd8 Nxd8 18. Rd7 Qf6 19. Rfd1 Nc6 20.
Rf7 1-0

[Event "Reykjavik Open 2010"]
[Site "Reykjavik City Hall"]
[Date "2010.02.25"]
[Round "2.48"]
[White "Andrason, Pall"]
[Black "Guttulsrud, Odd Martin"]
[Result "1/2-1/2"]
[WhiteElo "1587"]
[BlackElo "2061"]
[PlyCount "81"]
[EventDate "2010.02.24"]

1. d4 Nf6 2. c4 g6 3. g3 Bg7 4. Bg2 O-O 5. Nc3 d6 6. Nf3 c5 7. dxc5 dxc5 8. Bf4
Nc6 9. O-O Nd4 10. Be5 Ng4 11. Bxg7 Kxg7 12. e3 Nxf3+ 13. Bxf3 Ne5 14. Qe2
Nxf3+ 15. Qxf3 Qd3 16. Qd5 Qxd5 17. Nxd5 e6 18. Nc3 Bd7 19. f3 Bc6 20. Kf2 Rfd8
21. Rfd1 g5 22. Rxd8 Rxd8 23. Rd1 Rc8 24. e4 Kf6 25. Ke3 Rg8 26. h3 h5 27. Rh1
h4 28. g4 Ke5 29. Rd1 a6 30. Ne2 Rf8 31. Rf1 f5 32. f4+ gxf4+ 33. Nxf4 Rg8 34.
Nd3+ Kd6 35. exf5 exf5 36. Rxf5 Re8+ 37. Kd2 Re4 38. Rf4 Rxf4 39. Nxf4 Bd7 40.
Ng6 Bxg4 41. Nxh4 1/2-1/2

[Event "Reykjavik Open 2010"]
[Site "Reykjavik City Hall"]
[Date "2010.02.25"]
[Round "2.49"]
[White "Scholzen, Wolfgang"]
[Black "Sigurdarson, Emil"]
[Result "1-0"]
[WhiteElo "2040"]
[BlackElo "1609"]
[PlyCount "123"]
[EventDate "2010.02.24"]

1. e4 c5 2. Nf3 d6 3. d4 cxd4 4. Nxd4 Nf6 5. Nc3 g6 6. Be2 Bg7 7. Be3 O-O 8. f3
Nc6 9. Qd2 Bd7 10. g4 a6 11. h4 Rc8 12. h5 Ne5 13. hxg6 fxg6 14. O-O-O Nc4 15.
Bxc4+ Rxc4 16. e5 dxe5 17. Ne6 Bxe6 18. Qxd8 Rxd8 19. Rxd8+ Kf7 20. Rb8 b5 21.
a3 h5 22. gxh5 gxh5 23. Rb6 Bc8 24. Rb8 h4 25. Kd2 h3 26. b3 Rc6 27. a4 Nh5 28.
axb5 axb5 29. Ne4 Nf4 30. Rxb5 Rg6 31. Bxf4 Rg2+ 32. Kd1 exf4 33. Rg5 Bd4 34.
Rh5 Kg6 35. R5xh3 Bxh3 36. Rxh3 Kf5 37. b4 Ke6 38. Rh5 Be3 39. c4 Rb2 40. Rb5
Kd7 41. Rd5+ Kc7 42. b5 Rb4 43. Nd2 Bxd2 44. Rc5+ Kd7 45. Kxd2 Rb3 46. Rd5+ Kc7
47. Rd3 Rb4 48. Kc3 Rb1 49. Kd4 Re1 50. c5 e5+ 51. Kd5 Re3 52. b6+ Kc8 53. Kc4
e4 54. fxe4 Rg3 55. c6 f3 56. c7 Rg8 57. Rxf3 Kb7 58. Rf6 Re8 59. Kd5 Ra8 60.
Rd6 Ra5+ 61. Ke6 Ra8 62. Rd8 1-0

[Event "Reykjavik Open 2010"]
[Site "Reykjavik City Hall"]
[Date "2010.02.25"]
[Round "2.50"]
[White "Kjartansson, Dagur"]
[Black "Vaarala, Eric"]
[Result "0-1"]
[WhiteElo "1485"]
[BlackElo "2032"]
[PlyCount "120"]
[EventDate "2010.02.24"]

1. c4 e5 2. Nc3 Nc6 3. g3 f5 4. e3 Nf6 5. Bg2 Bc5 6. Nge2 e4 7. d4 Bb4 8. a3
Bxc3+ 9. Nxc3 O-O 10. b4 d5 11. Bf1 dxc4 12. Bxc4+ Kh8 13. Bb2 Ne7 14. Qb3 c6
15. a4 Ned5 16. Bxd5 cxd5 17. h3 Be6 18. O-O-O Rc8 19. Kb1 Rc4 20. Rc1 Qb6 21.
Ba3 Rfc8 22. Rc2 h6 23. Rhc1 a6 24. Ne2 g5 25. Nc3 Kg7 26. a5 Qd8 27. Na4 Rxc2
28. Rxc2 Rxc2 29. Qxc2 Qc8 30. Nc5 Bf7 31. Qb3 Be8 32. Qc3 Qc6 33. Kc2 Kf7 34.
Qd2 Qb5 35. Kb2 Bc6 36. Qc1 Qc4 37. g4 f4 38. Qe1 f3 39. Kb1 Qe2 40. Qg1 Bb5
41. Nxb7 Qd3+ 42. Kb2 Qd2+ 43. Ka1 Qc3+ 44. Bb2 Qxb4 45. Qc1 Bc4 46. Nd8+ Ke8
47. Ne6 Qb3 48. Kb1 Qa2+ 49. Kc2 Qxa5 50. Ng7+ Kf7 51. Nf5 Bd3+ 52. Kd1 Be2+
53. Kc2 Kg6 54. h4 Nxg4 55. Ne7+ Kf7 56. Qg1 Qa4+ 57. Kd2 Kxe7 58. Qxg4 Qd1+
59. Kc3 Qd3+ 60. Kb4 Qb5+ 0-1

[Event "Reykjavik Open 2010"]
[Site "Reykjavik City Hall"]
[Date "2010.02.25"]
[Round "2.51"]
[White "Sigurdsson, Sverrir"]
[Black "Lee, Gudmundur Kristinn"]
[Result "1-0"]
[WhiteElo "2016"]
[BlackElo "1534"]
[PlyCount "35"]
[EventDate "2010.02.24"]

1. e4 c5 2. Nf3 e6 3. c3 Nc6 4. d4 cxd4 5. cxd4 Nf6 6. Nc3 Bb4 7. Bd3 Qb6 8.
Be3 Ng4 9. O-O Nxe3 10. fxe3 Bxc3 11. bxc3 d6 12. Ng5 Ne5 13. Rb1 Qd8 14. dxe5
Qxg5 15. Bb5+ Kf8 16. Qxd6+ Qe7 17. Rxf7+ Kxf7 18. Rf1+ 1-0

[Event "Reykjavik Open 2010"]
[Site "Reykjavik City Hall"]
[Date "2010.02.25"]
[Round "2.52"]
[White "Sigurdsson, Birkir Karl"]
[Black "Christensen, Esben"]
[Result "0-1"]
[WhiteElo "1446"]
[BlackElo "2008"]
[PlyCount "84"]
[EventDate "2010.02.24"]

1. Nf3 Nf6 2. d4 g6 3. c4 c5 4. d5 b5 5. e3 b4 6. Be2 Bg7 7. O-O d6 8. Qc2 Bf5
9. Qa4+ Bd7 10. Qc2 O-O 11. Nbd2 a5 12. Rb1 a4 13. Ne4 Nxe4 14. Nd2 Nxd2 15.
Bxd2 e6 16. Bf3 e5 17. e4 f5 18. Qc1 fxe4 19. Bxe4 Bf5 20. Bg5 Bf6 21. Bxf5
gxf5 22. f4 Bxg5 23. fxg5 Ra7 24. h4 a3 25. b3 Rg7 26. Qe3 Nd7 27. Rf3 Qe8 28.
Rbf1 f4 29. Qe4 Qg6 30. Qe2 Rgf7 31. Qd2 Qh5 32. Qe1 Rg7 33. Qf2 Rgf7 34. Qe1
h6 35. gxh6 Qxh6 36. g4 Nf6 37. g5 Qg6 38. R1f2 Rh7 39. Rg2 Nh5 40. Re2 Ng3 41.
Rh2 Kg7 42. Qc1 Rxh4 0-1

[Event "Reykjavik Open 2010"]
[Site "Reykjavik City Hall"]
[Date "2010.02.26"]
[Round "3.1"]
[White "Baklan, Vladimir"]
[Black "Lenderman, Alex"]
[Result "1-0"]
[WhiteElo "2654"]
[BlackElo "2560"]
[PlyCount "59"]
[EventDate "2010.02.24"]

1. e4 c6 2. d4 d5 3. e5 Bf5 4. Nf3 e6 5. Be2 c5 6. Be3 cxd4 7. Nxd4 Ne7 8. Nd2
Nbc6 9. N2f3 Rc8 10. O-O Bg4 11. Rc1 a6 12. c4 Nxd4 13. Qxd4 Bxf3 14. Bxf3 Nf5
15. Qf4 Nxe3 16. fxe3 Bc5 17. cxd5 O-O 18. Kh1 Ba7 19. Rxc8 Qxc8 20. Bg4 Qc5
21. dxe6 f5 22. Bd1 Kh8 23. Bb3 Bb8 24. Qd4 Qb5 25. Bc4 Qb4 26. a3 Qe7 27. Qd7
Qh4 28. e7 Rg8 29. e8=Q Qxc4 30. Rd1 1-0

[Event "Reykjavik Open 2010"]
[Site "Reykjavik City Hall"]
[Date "2010.02.26"]
[Round "3.7"]
[White "Bromann, Thorbjorn"]
[Black "Gupta, Abhijeet"]
[Result "1-0"]
[WhiteElo "2434"]
[BlackElo "2577"]
[PlyCount "127"]
[EventDate "2010.02.24"]

1. e4 c5 2. Nf3 d6 3. d4 cxd4 4. Nxd4 Nf6 5. Nc3 a6 6. Be3 e5 7. Nb3 Be6 8. f3
h5 9. Qd2 Nbd7 10. Nd5 Bxd5 11. exd5 g6 12. Be2 Bg7 13. O-O O-O 14. Na5 Qc7 15.
c4 b6 16. Nc6 a5 17. Rab1 Kh7 18. h3 Nb8 19. Nxb8 Raxb8 20. b3 Ng8 21. g4 Qe7
22. Bd3 Bh6 23. g5 Bg7 24. Qf2 Qd8 25. Qh4 Kh8 26. f4 exf4 27. Bxf4 Re8 28.
Rbe1 Qd7 29. Qg3 Bc3 30. Rxe8 Rxe8 31. Be3 Re5 32. Kg2 b5 33. Bf4 bxc4 34. bxc4
Qe7 35. Bxe5+ Bxe5 36. Qe3 Kg7 37. Rb1 h4 38. Rb5 a4 39. Ra5 Qd8 40. Ra7 Ne7
41. Qf2 Qe8 42. Qxh4 Nc8 43. Ra8 Bc3 44. Qe4 Qd7 45. Qg4 Qe7 46. Rxc8 Qe3 47.
Qf3 Qxg5+ 48. Kh1 Bd4 49. Qg2 Qe3 50. Bf1 f5 51. Rc7+ Kh6 52. Rf7 a3 53. h4 Qf4
54. Qg5+ Qxg5 55. hxg5+ Kxg5 56. Rd7 Bc5 57. Rg7 Kf6 58. Rg8 g5 59. Bd3 f4 60.
Kg2 Ke5 61. Rxg5+ Kd4 62. Be2 Kc3 63. Bd1 Be3 64. Kf3 1-0

[Event "Reykjavik Open 2010"]
[Site "Reykjavik City Hall"]
[Date "2010.02.26"]
[Round "3.8"]
[White "Stefansson, Hannes"]
[Black "Grover, Sahaj"]
[Result "1/2-1/2"]
[WhiteElo "2574"]
[BlackElo "2448"]
[PlyCount "29"]
[EventDate "2010.02.24"]

1. e4 e5 2. Nf3 Nc6 3. Bc4 Nf6 4. d3 Bc5 5. c3 O-O 6. h3 d5 7. exd5 Nxd5 8. O-O
Nb6 9. Bb5 Bd6 10. Re1 Bf5 11. Nbd2 a6 12. Bxc6 bxc6 13. d4 exd4 14. Nxd4 Qd7
15. Nxf5 1/2-1/2

[Event "Reykjavik Open 2010"]
[Site "Reykjavik City Hall"]
[Date "2010.02.26"]
[Round "3.9"]
[White "Hillarp Persson, Tiger"]
[Black "Westerinen, Heikki M J"]
[Result "1-0"]
[WhiteElo "2581"]
[BlackElo "2333"]
[PlyCount "115"]
[EventDate "2010.02.24"]

1. e4 e6 2. d4 d5 3. Nd2 c5 4. Ngf3 Nc6 5. exd5 exd5 6. Bb5 Bd6 7. dxc5 Bxc5 8.
O-O Nge7 9. Nb3 Bb6 10. Re1 O-O 11. Be3 Bg4 12. h3 Bh5 13. Bxb6 axb6 14. c3 Qd6
15. Be2 Rfe8 16. Nfd4 Bg6 17. Nb5 Qb8 18. Bf1 Rd8 19. N3d4 Be4 20. Qd2 h6 21.
a3 Kf8 22. Re3 Qf4 23. Rae1 Qf6 24. Bd3 Ne5 25. Bf1 N7g6 26. f3 Bf5 27. Nxf5
Qxf5 28. Qd4 Nc4 29. Bxc4 dxc4 30. Nd6 Qg5 31. Re4 Qg3 32. Qxg7+ Kxg7 33. Nf5+
Kh7 34. Nxg3 b5 35. Nf5 Rd2 36. R1e2 Rxe2 37. Rxe2 Nf4 38. Re5 Rg8 39. g4 Nxh3+
40. Kg2 Nf4+ 41. Kg3 Nd3 42. Rxb5 Re8 43. Rxb7 Kg6 44. Rb6+ Re6 45. Rxe6+ fxe6
46. Nd6 Nxb2 47. Kf4 Kf6 48. Ne4+ Ke7 49. Ke5 Nd3+ 50. Kd4 Ne1 51. Nd2 Nc2+ 52.
Kxc4 Nxa3+ 53. Kc5 Kd7 54. Kb6 Nc2 55. c4 Nd4 56. c5 e5 57. Ne4 Ne6 58. c6+ 1-0

[Event "Reykjavik Open 2010"]
[Site "Reykjavik City Hall"]
[Date "2010.02.26"]
[Round "3.10"]
[White "Maze, Sebastien"]
[Black "Tania, Sachdev"]
[Result "1/2-1/2"]
[WhiteElo "2554"]
[BlackElo "2398"]
[Annotator ",User"]
[PlyCount "81"]
[EventDate "2010.02.24"]

1. Nf3 Nf6 2. c4 b6 3. g3 Bb7 4. Bg2 e6 5. d4 Be7 6. Nc3 O-O 7. Qc2 d5 8. cxd5
exd5 9. O-O Na6 10. Rd1 c6 11. Ne5 Nc7 12. Bf4 Ne6 13. Rac1 Bd6 14. Qf5 Qe7 15.
Ng4 Nxf4 16. gxf4 Bc8 17. Nxf6+ gxf6 18. Qh5 Bxf4 19. e3 Bd6 20. Ne2 Bd7 21.
Ng3 Bxg3 22. hxg3 Kh8 23. Bh3 Rg8 24. Bxd7 Qxd7 25. Kg2 Rg5 26. Qh4 Rag8 27.
Rh1 R8g7 28. b4 Qe6 29. Rh3 Rg4 30. Qh6 Qe4+ 31. Kg1 R4g6 32. Qh4 Qe6 33. Kh2
Rg4 34. Qh5 R4g5 35. Qe2 f5 36. Qa6 Qd7 37. a4 R7g6 38. Kg2 Kg7 39. Qd3 Re6 40.
b5 cxb5 41. Qxb5 {...} 1/2-1/2

[Event "Reykjavik Open 2010"]
[Site "Reykjavik City Hall"]
[Date "2010.02.26"]
[Round "3.12"]
[White "Johannesson, Ingvar Thor"]
[Black "Miezis, Normunds"]
[Result "1/2-1/2"]
[WhiteElo "2330"]
[BlackElo "2533"]
[PlyCount "143"]
[EventDate "2010.02.24"]

1. Nf3 c5 2. c4 Nf6 3. g3 Nc6 4. Bg2 e5 5. Nc3 d6 6. d3 g6 7. a3 a5 8. Bg5 h6
9. Bxf6 Qxf6 10. O-O Bg7 11. Ne1 O-O 12. Nc2 Qd8 13. Ne3 h5 14. Ned5 h4 15. Rb1
hxg3 16. hxg3 f5 17. b4 axb4 18. axb4 cxb4 19. Nxb4 e4 20. Ncd5 Ne5 21. dxe4
Nxc4 22. Nf4 Kh7 23. Qd5 Nb6 24. Qb3 Na4 25. exf5 Rxf5 26. Nbd5 Nc5 27. Qb6 Qf8
28. Rbd1 Ra6 29. Qb1 Rg5 30. Bh3 Be5 31. Nxg6 Rxg6 32. Bxc8 Kg7 33. Kg2 Ra3 34.
e3 Rb3 35. Qf5 Rb2 36. Nf4 Bxf4 37. Qxf8+ Kxf8 38. exf4 Rg7 39. Rxd6 Rxg3+ 40.
Kxg3 Ne4+ 41. Kg4 Nxd6 42. Be6 b5 43. f5 Ke7 44. f3 Kf6 45. Rd1 Rb4+ 46. f4 Nc4
47. Bxc4 bxc4 48. Rd6+ Ke7 49. Rc6 Kd7 50. Rc5 Kd6 51. Rc8 Kd7 52. f6 Ke6 53.
Kg5 Rb1 54. Rc6+ Kf7 55. Rc7+ Kf8 56. Rxc4 Kf7 57. Rc7+ Kf8 58. Kf5 Rb2 59. Rc5
Kf7 60. Re5 Rb1 61. Re7+ Kf8 62. Rh7 Ra1 63. Rb7 Ra2 64. Rb8+ Kf7 65. Rb7+ Kf8
66. f7 Ra5+ 67. Kg6 Ra6+ 68. Kg5 Ra5+ 69. f5 Ra6 70. f6 Ra5+ 71. Kg6 Rg5+ 72.
Kxg5 1/2-1/2

[Event "Reykjavik Open 2010"]
[Site "Reykjavik City Hall"]
[Date "2010.02.26"]
[Round "3.14"]
[White "Einarsson, Halldor"]
[Black "Danielsen, Henrik"]
[Result "0-1"]
[WhiteElo "2260"]
[BlackElo "2495"]
[PlyCount "80"]
[EventDate "2010.02.24"]

1. d4 d6 2. e4 Nf6 3. Nc3 g6 4. h3 c6 5. Be3 Nbd7 6. Qd2 b5 7. Bd3 Bb7 8. Nf3
e5 9. dxe5 dxe5 10. Ne2 Qe7 11. Ng3 a6 12. a4 Bg7 13. O-O Nc5 14. Qb4 Nfd7 15.
axb5 cxb5 16. Rfd1 Rc8 17. c3 Nxd3 18. Qxe7+ Kxe7 19. Rxd3 Nc5 20. Bxc5+ Rxc5
21. Rad1 Rc7 22. Ne1 h5 23. f3 Bh6 24. Nc2 a5 25. Nf1 b4 26. Nfe3 bxc3 27. bxc3
Rhc8 28. c4 Bc6 29. Ra3 Ra7 30. Rda1 a4 31. Nb4 Be8 32. Nbd5+ Ke6 33. Nb6 Rc5
34. Ned5 Bf8 35. Kh2 Rca5 36. R3a2 Bc5 37. Rb1 Rb7 38. Rba1 a3 39. Rb1 Bc6 40.
Rd1 Bxb6 0-1

[Event "Reykjavik Open 2010"]
[Site "Reykjavik City Hall"]
[Date "2010.02.26"]
[Round "3.15"]
[White "Nyzhnyk, Illya"]
[Black "Ptacnikova, Lenka"]
[Result "1-0"]
[WhiteElo "2495"]
[BlackElo "2315"]
[PlyCount "45"]
[EventDate "2010.02.24"]

1. d4 Nf6 2. c4 e6 3. Nf3 Bb4+ 4. Nbd2 O-O 5. g3 b6 6. Bg2 Bb7 7. O-O Be7 8. b3
d5 9. cxd5 exd5 10. Ne5 c6 11. Bb2 Nbd7 12. Rc1 Rc8 13. Qc2 Re8 14. e4 c5 15.
exd5 Bxd5 16. Bh3 Bd6 17. Rfe1 Be6 18. Bxe6 Rxe6 19. Ndf3 h6 20. Qc4 Qf8 21.
Kg2 Rce8 22. Ng6 Rxe1 23. Rxe1 1-0

[Event "Reykjavik Open 2010"]
[Site "Reykjavik City Hall"]
[Date "2010.02.26"]
[Round "3.16"]
[White "Ivanov, Mikhail M"]
[Black "Thompson, Ian D"]
[Result "1-0"]
[WhiteElo "2465"]
[BlackElo "2266"]
[PlyCount "95"]
[EventDate "2010.02.24"]

1. d4 d5 2. Nf3 Nf6 3. c4 e6 4. g3 Bb4+ 5. Bd2 Be7 6. Bg2 c6 7. O-O O-O 8. b3
Nbd7 9. Nc3 b6 10. Qc2 Bb7 11. Bf4 Nh5 12. Bc1 f5 13. Bb2 Bd6 14. e3 Qe7 15.
Ne2 g5 16. Ne5 Rac8 17. a3 Nhf6 18. b4 Bxe5 19. dxe5 Ng4 20. Qc3 Ngxe5 21. f4
Nxc4 22. Qh8+ Kf7 23. Qxh7+ Ke8 24. Bg7 Rf7 25. Qg6 c5 26. fxg5 Nce5 27. Qh5
Qd6 28. Nf4 Ke7 29. Qh7 Nf8 30. Qh8 Nfg6 31. Bf6+ Kd7 32. Qh5 Rg8 33. Rfd1 Nxf4
34. exf4 Ng6 35. bxc5 bxc5 36. Rab1 Kc8 37. h4 Rd7 38. Qf3 Ne7 39. Be5 Qa6 40.
Qc3 Qc6 41. Qa5 Ng6 42. Rb5 Nxe5 43. Rxc5 Kb8 44. Rxc6 Nxc6 45. Qb5 Rc7 46. h5
Ne7 47. Qb2 Rgc8 48. Qe5 1-0

[Event "Reykjavik Open 2010"]
[Site "Reykjavik City Hall"]
[Date "2010.02.26"]
[Round "3.19"]
[White "Halldorsson, Jon Arni"]
[Black "Galego, Luis"]
[Result "1/2-1/2"]
[WhiteElo "2189"]
[BlackElo "2487"]
[PlyCount "104"]
[EventDate "2010.02.24"]

1. d4 Nf6 2. Nf3 d6 3. c4 Nbd7 4. Nc3 e5 5. e4 Be7 6. Be2 O-O 7. O-O Re8 8. Be3
exd4 9. Nxd4 Bf8 10. Qc2 Nc5 11. f3 a5 12. Rad1 Bd7 13. Ndb5 Na6 14. Qd2 h6 15.
Rfe1 b6 16. Nd5 Nxd5 17. cxd5 Be7 18. Nd4 Bh4 19. g3 Bf6 20. Bxa6 Rxa6 21. Rc1
a4 22. Qc3 Ra7 23. Qb4 Bg5 24. f4 Bf6 25. Nc6 Bxc6 26. Rxc6 Qd7 27. Bd4 Bxd4+
28. Qxd4 Re7 29. Kg2 Ra5 30. Re3 f5 31. Kf3 Kf8 32. exf5 Rxe3+ 33. Kxe3 Qf7 34.
Ke4 Ra8 35. g4 Re8+ 36. Kf3 Qe7 37. Rc2 Qh4 38. Qf2 Qh3+ 39. Qg3 Qf1+ 40. Qf2
Qd1+ 41. Kg3 h5 42. h3 hxg4 43. hxg4 Re1 44. Kh4 Rg1 45. Qe2 Rh1+ 46. Kg5 Qd4
47. Qe6 Re1 48. Rc4 Qxb2 49. Qg6 Rg1 50. Rxc7 Rxg4+ 51. Kxg4 Qg2+ 52. Kh4 Qh2+
1/2-1/2

[Event "Reykjavik Open 2010"]
[Site "Reykjavik City Hall"]
[Date "2010.02.26"]
[Round "3.20"]
[White "Thorhallsson, Throstur"]
[Black "Bjarnason, Saevar"]
[Result "1-0"]
[WhiteElo "2426"]
[BlackElo "2164"]
[PlyCount "85"]
[EventDate "2010.02.24"]

1. e4 c6 2. d4 d5 3. exd5 cxd5 4. c4 Nf6 5. Nc3 Nc6 6. Bg5 e6 7. Nf3 Be7 8. Bd3
O-O 9. O-O dxc4 10. Bxc4 b6 11. Qd2 Bb7 12. Rad1 Nb4 13. Qe2 Nbd5 14. Ba6 Bxa6
15. Qxa6 Qc8 16. Qd3 Qb7 17. Ne5 Rfd8 18. Qf3 Rab8 19. Bxf6 Bxf6 20. Ne4 Rbc8
21. Nxf6+ gxf6 22. Ng4 Qe7 23. Rfe1 Kh8 24. h3 f5 25. Ne5 f6 26. Nd3 Rd6 27.
Re2 Qd7 28. Kh1 Rd8 29. Rde1 a5 30. a3 Qf7 31. g4 fxg4 32. hxg4 Qe7 33. Qh3 Rg8
34. Re4 Qb7 35. Qg3 Rgd8 36. Qf3 Qf7 37. g5 Rf8 38. Qg3 Rc6 39. Rg1 Qh5+ 40.
Rh4 Qg6 41. Rh6 Qe4+ 42. f3 Qxd3 43. g6 1-0

[Event "Reykjavik Open 2010"]
[Site "Reykjavik City Hall"]
[Date "2010.02.26"]
[Round "3.21"]
[White "Ni, Viktorija"]
[Black "Cori T, Deysi"]
[Result "0-1"]
[WhiteElo "2162"]
[BlackElo "2412"]
[PlyCount "96"]
[EventDate "2010.02.24"]

1. d4 Nf6 2. c4 e6 3. Nc3 Bb4 4. e3 d5 5. a3 Be7 6. Nf3 O-O 7. Bd3 dxc4 8. Bxc4
a6 9. O-O c5 10. dxc5 Bxc5 11. b4 Be7 12. b5 Nbd7 13. Bb2 Nc5 14. Qe2 Bd7 15.
Rfd1 axb5 16. Nxb5 Qb6 17. Be5 Bxb5 18. Bxb5 Rfc8 19. a4 Nce4 20. Nd2 Nc3 21.
Bxc3 Rxc3 22. Rac1 Nd5 23. Nc4 Qc7 24. Rc2 Rc8 25. Rdc1 Bf6 26. g3 Qc5 27. Qf3
h6 28. Kg2 Rc7 29. Rxc3 Nxc3 30. Nd2 Qb4 31. Bd3 Rd7 32. e4 Qd4 33. e5 Bxe5 34.
Nc4 Bf6 35. Bf1 Nxa4 36. Na5 Nc3 37. Nxb7 Qb6 38. Rxc3 Bxc3 39. Qxc3 Qxb7+ 40.
Qf3 Qxf3+ 41. Kxf3 g5 42. Bb5 Rb7 43. Bc6 Rb6 44. Ba4 Kg7 45. Bc2 f5 46. h3 Kf6
47. Ba4 Ke5 48. Bd7 Kd6 0-1

[Event "Reykjavik Open 2010"]
[Site "Reykjavik City Hall"]
[Date "2010.02.26"]
[Round "3.22"]
[White "Karavade, Eesha"]
[Black "Hjartarson, Bjarni"]
[Result "1-0"]
[WhiteElo "2405"]
[BlackElo "2162"]
[PlyCount "93"]
[EventDate "2010.02.24"]

1. d4 Nf6 2. c4 e6 3. Nf3 c5 4. d5 exd5 5. cxd5 d6 6. Nc3 g6 7. h3 Bg7 8. e4
O-O 9. Bd3 b5 10. Bxb5 Nxe4 11. Nxe4 Qa5+ 12. Nfd2 Qxb5 13. Nxd6 Qa6 14. N2c4
Rd8 15. Bf4 Bf8 16. Qe2 Bb7 17. Nxb7 Qxb7 18. O-O Rxd5 19. Rad1 Rxd1 20. Rxd1
Nc6 21. Qe4 Qc8 22. Be3 Rb8 23. Rd2 Rb4 24. a3 Rb7 25. Nd6 Bxd6 26. Rxd6 Nd4
27. Bxd4 cxd4 28. Qxd4 Qc1+ 29. Kh2 Rb8 30. Rd8+ Rxd8 31. Qxd8+ Kg7 32. Qd4+
Kg8 33. Qxa7 Qxb2 34. a4 Qe5+ 35. g3 h5 36. h4 f5 37. Qe3 Qa5 38. Qe8+ Kg7 39.
Qb5 Qd2 40. Qc5 Qe1 41. a5 f4 42. gxf4 Qd1 43. a6 Qf3 44. Qe7+ Kh6 45. Qe3 Qg4
46. f5+ Kg7 47. f6+ 1-0

[Event "Reykjavik Open 2010"]
[Site "Reykjavik City Hall"]
[Date "2010.02.26"]
[Round "3.24"]
[White "Bjornsson, Tomas"]
[Black "Kjartansson, Gudmundur"]
[Result "1-0"]
[WhiteElo "2155"]
[BlackElo "2391"]
[PlyCount "61"]
[EventDate "2010.02.24"]

1. d4 Nf6 2. Nf3 e6 3. c4 d5 4. Nc3 Be7 5. g3 O-O 6. Bg2 dxc4 7. O-O Nbd7 8. e4
a6 9. a4 c5 10. d5 exd5 11. e5 Ng4 12. Qxd5 Nb6 13. Qe4 Qd3 14. h3 Nh6 15. a5
Qxe4 16. Nxe4 Nd5 17. Bxh6 gxh6 18. Nfd2 Be6 19. Nxc4 f5 20. Ned6 Bxd6 21. exd6
Rad8 22. Rfe1 Bf7 23. Rad1 Nb4 24. b3 Nc2 25. Re7 Nd4 26. Rxb7 Bxc4 27. bxc4
Rxd6 28. Bd5+ Kh8 29. Re1 Nc6 30. Rc7 Nb4 31. Ree7 1-0

[Event "Reykjavik Open 2010"]
[Site "Reykjavik City Hall"]
[Date "2010.02.26"]
[Round "3.25"]
[White "Thorsteinsson, Erlingur"]
[Black "Thorfinnsson, Bjorn"]
[Result "0-1"]
[WhiteElo "2123"]
[BlackElo "2383"]
[PlyCount "42"]
[EventDate "2010.02.24"]

1. Nf3 Nf6 2. d4 e6 3. Nbd2 c5 4. e3 b6 5. Bd3 Bb7 6. Qe2 Nc6 7. c3 Rc8 8. dxc5
Bxc5 9. Nb3 Be7 10. e4 d5 11. exd5 Qxd5 12. Bg5 h6 13. O-O-O Nd4 14. Nbxd4 hxg5
15. Bb5+ Kf8 16. Rhe1 Qxa2 17. Nxg5 Rxc3+ 18. Nc2 Qa1+ 19. Kd2 Qxb2 20. Rc1 Rh4
21. Kd1 Rd4+ 0-1